000 00468nam a2200193Ia 4500
008 210210b1941 xxu||||| |||| 00| 0 eng d
041 _aeng
082 _a455/28
100 _aNARASIMHA (A N)
245 _aGrammar of oldest kanarese inscriptions
260 _aMysore
_bUniversity of Mysore.,
_c1941
650 _aoldest
650 _aof
650 _akanarese
650 _ainscriptions
650 _aGrammar
690 _aKannada Grammar
906 _a006793
999 _c140873
_d140873